[Event "GRE-chT U16"]
[Site "Thessaloniki"]
[Date "2021.12.18"]
[Round "5.4"]
[White "Nikolakopoulos, Vasileios"]
[Black "Keramaros, Vasileios"]
[Result "1-0"]
[WhiteElo "1128"]
[BlackElo "1051"]
[PlyCount "159"]
[EventDate "2021.12.16"]
[EventType "team-swiss"]
[EventRounds "6"]
[EventCountry "GRE"]
[SourceTitle "CBM 205 Extra"]
[Source "ChessBase"]
[SourceDate "2022.01.31"]
[SourceVersion "1"]
[SourceVersionDate "2022.01.31"]
[SourceQuality "1"]
[WhiteTeam "Patron"]
[BlackTeam "Neapolis Sykeon"]
[WhiteTeamCountry "GRE"]
[BlackTeamCountry "GRE"]

1. e4 e5 2. Nf3 Nc6 3. d4 exd4 4. Nxd4 Bc5 5. Nb3 Bb6 6. Nc3 d6 7. Qe2 Nge7 8. Be3 Be6 9. 0-0-0 0-0 10. f3 Re8 11. Kb1 h6 12. g4 Qd7 13. h4 Ne5 14. g5 h5 15. Rg1 g6 16. Nd5 Bxd5 17. exd5 Bxe3 18. Qxe3 Qd8 19. Bh3 Nd7 20. Qd4 Ne5 21. Rdf1 c5 22. Qd2 b5 23. f4 Nc4 24. Qd3 a6 25. f5 Nb6 26. fxg6 Nxg6 27. Be6 Rxe6 28. dxe6 c4 29. exf7+ Kh7 30. f8Q Qxf8 31. Rxf8 cxd3 32. Rxa8 dxc2+ 33. Kxc2 Nxa8 34. Nd4 Nc7 35. Rf1 Ne5 36. Nc6 Nd5 37. Nxe5 Ne3+ 38. Kd3 Nxf1 39. Nf7 d5 40. Kd4 Kg6 41. Ne5+ Kf5 42. Kxd5 Ne3+ 43. Kd6 Nd1 44. b3 Nc3 45. a3 Nb1 46. a4 bxa4 47. bxa4 Nc3 48. a5 Nb5+ 49. Kd5 Nc3+ 50. Kd4 Nb5+ 51. Kd5 Nc3+ 52. Kd4 Nb5+ 53. Kc5 Kxe5 54. Kb6 Na3 55. Kxa6 Nc4 56. Kb5 Nxa5 57. Kxa5 Ke6 58. Kb4 Kd6 59. Kc4 Ke6 60. Kd4 Kd6 61. Ke4 Ke6 62. Kf4 Ke7 63. Kf5 Kf7 64. g6+ Kg7 65. Kg5 Kg8 66. Kxh5 Kg7 67. Kg5 Kg8 68. h5 Kg7 69. h6+ Kg8 70. Kf6 Kh8 71. Ke7 Kg8 72. g7 Kh7 73. Kf7 Kxh6 74. g8Q Kh5 75. Kf6 Kh4 76. Kf5 Kh3 77. Qg5 Kh2 78. Kf4 Kh1 79. Kf3 Kh2 80. Qg2# 1-0

[Event "GRE-chT Online Rapid op 1st"]
[Site "Tornelo INT"]
[Date "2021.02.21"]
[Round "6.27"]
[White "Keramaros, Vasileios"]
[Black "Nasos, Valerios"]
[Result "0-1"]
[WhiteElo "1041"]
[BlackElo "1738"]
[PlyCount "130"]
[EventDate "2021.02.20"]
[EventType "team-swiss (rapid)"]
[EventRounds "9"]
[EventCountry "GRE"]
[SourceTitle "EXT 2023"]
[Source "ChessBase"]
[SourceDate "2022.10.05"]
[SourceVersion "1"]
[SourceVersionDate "2022.10.05"]
[SourceQuality "1"]

1. d4 e6 2. c4 Nf6 3. Nc3 Bb4 4. e3 0-0 5. Nf3 b6 6. Bd3 Bb7 7. a3 Bxc3+ 8. bxc3 c5 9. Rb1 d6 10. 0-0 Nc6 11. Qe2 e5 12. d5 Na5 13. e4 Ne8 14. h3 Ba6 15. Nh2 Qd7 16. f4 exf4 17. Bxf4 Qa4 18. Qb2 Bxc4 19. Rbd1 Bxd3 20. Rxd3 Nc4 21. Qa2 Rd8 22. Ra1 Nf6 23. Bg5 Ne5 24. Bxf6 Nxd3 25. Bxd8 Rxd8 26. Qe2 Ne5 27. Nf3 Nxf3+ 28. Qxf3 Re8 29. Rf1 f6 30. Qg3 Re5 31. Rxf6 Qd7 32. Rf4 Qe7 33. Qf3 g6 34. Kf2 Kg7 35. Ke3 Rxd5 36. Rf7+ Qxf7 37. Qxf7+ Kxf7 38. exd5 b5 39. h4 Kf6 40. g4 Ke5 41. h5 g5 42. h6 Kxd5 43. Kd3 a5 44. Kd2 Ke5 45. Ke3 d5 46. Kd3 b4 47. axb4 axb4 48. cxb4 cxb4 49. Kc2 Kf4 50. Kb3 Kxg4 51. Kxb4 Kf3 52. Kc5 g4 53. Kxd5 g3 54. Ke6 g2 55. Kf7 g1Q 56. Kf6 Qg6+ 57. Ke7 Ke4 58. Kf8 Qxh6+ 59. Kg8 Qg6+ 60. Kh8 Qe8+ 61. Kg7 Qc6 62. Kh8 Kf5 63. Kg8 Kg6 64. Kf8 Qd7 65. Kg8 Qc8# 0-1